000 01304nam a2200349Ia 4500
001 ebr10576114
003 CaPaEBR
006 m u
007 cr cn|||||||||
008 080814s2009 pau sb 001 0 eng d
010 _z 2008035897
020 _z081224141X (alk. paper)
020 _z9780812202960
020 _z9780812241419 (alk. paper)
040 _aCaPaEBR
_cCaPaEBR
035 _a(OCoLC)794702351
050 1 4 _aBR238
_b.N63 2009eb
082 0 4 _a246/.2
_222
100 1 _aNoble, Thomas F. X.
245 1 0 _aImages, iconoclasm, and the Carolingians
_h[electronic resource] /
_cThomas F.X. Noble.
260 _aPhiladelphia :
_bUniversity of Pennsylvania Press,
_cc2009.
300 _a488 p.
490 1 _aMiddle Ages series
504 _aIncludes bibliographical references (p. [437]-479) and index.
533 _aElectronic reproduction.
_bPalo Alto, Calif. :
_cebrary,
_d2013.
_nAvailable via World Wide Web.
_nAccess may be limited to ebrary affiliated libraries.
650 0 _aIconoclasm
_zEurope.
650 0 _aCarolingians.
655 7 _aElectronic books.
_2local
710 2 _aebrary, Inc.
830 0 _aMiddle Ages series.
856 4 0 _uhttp://site.ebrary.com/lib/rucke/Doc?id=10576114
_zAn electronic book accessible through the World Wide Web; click to view
999 _c190092
_d190092